03000cam a22002538i 45000010018000000050017000180080041000350150019000760160018000950200018001130350018001310400031001491000036001802450095002162640029003113000023003405040049003635201164004125201000015766500033025769420008026099520114026179990015027319911643904000434120250619150448.0200806s2021 enk b 001|0 eng d aGBC1081502bnb7 a0200840412Uk a9788418741333 a(Uk)020084041 aStDuBDSbengcStDuBDSerda aHooven, Carole,eauthor.92554810aTestosterone b: the story of the hormone that dominates and divides us c/ Carole Hooven. 1aBarcelona:bArpa,c2021. a351 pages :c24 cm aIncludes bibliographic references and index. aUna historia sobre la hormona que nos domina, nos divide y nos impulsa. El origen biológico de la masculinidad ha inspirado fascinación y controversia desde la antigüedad. Desde los eunucos de la antigua China, hasta el mercado de los «elixires» de juventud en la Europa del siglo xix, el ser humano ha estado obsesionado con identificar y manipular lo que hoy conocemos como testosterona. Gracias al interés que sigue generando y a los métodos de la ciencia moderna, hoy disponemos de un rico corpus de investigación sobre sus efectos tanto en hombres como en mujeres. La ciencia es clara: la testosterona desempeña un papel clave en las relaciones, el sexo, la infancia, los roles parentales, el trabajo, el deporte, las transiciones de género, la violencia… A través de fascinantes historias personales y con un profundo conocimiento de los más recientes avances científicos en este terreno, Carole Hooven, bióloga evolutiva en la Universidad de Harvard, analiza con ingenio y rigor la poderosa influencia de esta hormona en las diferencias de sexo y el comportamiento humano, y nos invita a reflexionar sobre sus consecuencias. aA story about the hormone that dominates, divides, and drives us. The biological origins of masculinity have fascinated and provoked controversy since ancient times. From the eunuchs of ancient China to the booming market for youth "elixirs" in 19th-century Europe, humans have long been obsessed with identifying and manipulating what we now know as testosterone. Thanks to ongoing interest and the tools of modern science, we now possess a rich body of research into its effects on both men and women. The science is clear: testosterone plays a crucial role in relationships, sex, childhood, parenting, work, sport, gender transitions, violence... Through compelling personal stories and a deep understanding of the latest scientific advances in the field, Carole Hooven, an evolutionary biologist at Harvard University, explores with wit and rigour the powerful influence of this hormone on sex differences and human behaviour — and invites us to reflect on its far-reaching consequences. 0aTestosteronevPopular works. 2lcc 00102lcc4070aTBSbTBSd2025-06-19l0oQP801.T4 HOOpB06009r2025-06-19t1w2025-06-19y1zWELL COLLECTION c4783d4783